000 01007nam a22003012a 4500
001 74926
003 BD-RjUL
005 20211209082624.0
008 860101s1949 nyuab b 000 0 eng d
035 _a(BD-RjUL)75144
040 _aDLC
_cYNG
_dOCL
_dEQO
_beng
041 _aeng
082 _a910
_223
_bFRE 1949
100 1 _aFreeman, Otis Willard,
_d1889-
_9226305
245 0 0 _aEssentials of geography. /
_cby Otis W. Freeman and H. F. Raup
250 _a1st ed
260 _aNew York :
_bMcGraw-Hill Book Co,
_c1949
300 _avii, 487 p.
_billus., maps.
_c26 cm
490 1 _aMcGraw-Hill series in geography
504 _aIncludes "Selected references."
650 0 _aGeography
_vTextbooks
_9226306
700 1 _aRaup, Hallock Floyd,
_d1901-
_931001
830 0 _aMcGraw-Hill series in geography
_9226308
942 _2ddc
_cBK
999 _c74926
_d74926